000
00280nam a22001097a 4500
999
_c
166177
_d
166177
082
_a
_b
100
_a
Santhosh Bharathiya
245
_a
Patrakarita:
_b
naya daur naye pratiman/
_c
by Santhosh Bharathiya.
260
_a
New Delhi:
_b
Radhakrishna,
_c
2005.
650
_a
942
_c
BK